THE ECONOMICS OF CO-OPERATIVE ENTERPRISE (Record no. 6343)

MARC details
000 -LEADER
fixed length control field 00405nam a22001577a 4500
003 - CONTROL NUMBER IDENTIFIER
control field OSt
005 - DATE AND TIME OF LATEST TRANSACTION
control field 20210923120026.0
008 - FIXED-LENGTH DATA ELEMENTS--GENERAL INFORMATION
fixed length control field 210923b |||||||| |||| 00| 0 eng d
040 ## - CATALOGING SOURCE
Transcribing agency HAWASSA UNIVERSITY
050 ## - LIBRARY OF CONGRESS CALL NUMBER
Classification number 334/HEL
Item number 1
082 ## - DEWEY DECIMAL CLASSIFICATION NUMBER
Classification number 334/HEL
Item number 1
100 ## - MAIN ENTRY--PERSONAL NAME
Personal name HELM C.FRANZ
Fuller form of name HELM C.FRANZ
9 (RLIN) 6605
245 ## - TITLE STATEMENT
Title THE ECONOMICS OF CO-OPERATIVE ENTERPRISE
260 ## - PUBLICATION, DISTRIBUTION, ETC.
Place of publication, distribution, etc. LONDON
Date of publication, distribution, etc. 1968
942 ## - ADDED ENTRY ELEMENTS (KOHA)
Source of classification or shelving scheme Dewey Decimal Classification
Koha item type Books like text book referance book
Suppress in OPAC No
Holdings
Withdrawn status Lost status Source of classification or shelving scheme Damaged status Not for loan Home library Current library Date acquired Total Checkouts Full call number Barcode Date last seen Copy number Price effective from Koha item type
    Dewey Decimal Classification     College of Agriculture Library College of Agriculture Library 09/23/2021   334/HEL ALIB0003269 09/23/2021 3 09/23/2021 Books like text book referance book